Histoire : Choix multiples - Statistiques

Statistiques générales
  • Ce quiz a été pris 146 fois
  • Le résultat moyen est 7 sur 15
Statistiques - réponses
Question Réponse % Correct
Comment appelle-t-on,au moyen-âge,un enfant illégitime ? Un bâtard
100%
Qui a écrit le poème intitulé "Liberté" ? Paul Éluard
77%
Quel Empire a duré le plus longtemps Empire Byzantin
62%
Quel est le lien de parenté entre Louis XIV et Philippe IV d'Espagne ? Neveu / Oncle
62%
Quel divinité priaient les grecs lorsqu'ils se rendaient à l'Olympéion ? Zeus
62%
Quel célèbre navigateur fut tué par des indigènes ? James Cook
54%
Quel nation est la plus vieille,historiquement ? L'Égypte
54%
Quel était le surnom de la Reine Isabelle de Castille ? La Catholique
46%
Quel empereur romain a fait édifier une colonne qui porte aujourd'hui toujours son nom ? Trajan
46%
Combien y a-t-il eu de Croisades ? Huit
31%
Quand a eu lieu la Bataille de Lépante ? 1571
23%
Quel était le surnom du Roi Charles VIII de France ? L'Affable
23%
En France,ce nom n'a jamais porté par un monarque Paul
23%
Quel titre portait Jules César ? Général
15%
Qui a dit : "Un royaume sans justice n'est qu'une entreprise de brigandages" ? Charlemagne
8%
Aucun quiz correspondant
Distribution des résultats
% des personnes avec chaque résultat
Percentile par nombre de réponses
Votre historique - résultats
Vous n’avez pas pris ce quiz